Stupid Baseball Jokes Quiz Stats

 Plays Quiz Updated May 13, 2015

Challenge
Share
Tweet
Embed
Score 0/20 Timer 05:00
2 Plays Today
% Correct
A bat.
95.2%
The pitcher.
94.9%
She ran away from the ball.
94.8%
And then it hit me.
94.5%
They play on diamonds.
94.4%
One roots for the yanks and the other yanks for the roots.
94.2%
Both are desperate to go home.
94%
Second to third, because you have to go through a short stop.
93.8%
Both depend on the batter.
93.8%
He wasn't getting any hits.
93.3%
% Correct
The fence.
93.1%
Catch you later.
92.9%
They hit too many fowl balls.
92.2%
A baseball team.
92%
New Jersey.
92%
It has a lot of fans.
91.8%
Someone stole second base.
90.9%
In the bull pen.
90.8%
They always quit after they get three strikes.
85.4%
He doesn't like to be called out on strikes.
85.3%

You're not logged in!

Compare scores with friends on all Sporcle quizzes.
Join for Free
OR
Log In

You Might Also Like...

Show Comments

Extras

Top Quizzes Today


Score Distribution

Your Account Isn't Verified!

In order to create a playlist on Sporcle, you need to verify the email address you used during registration. Go to your Sporcle Settings to finish the process.

Report this User

Report this user for behavior that violates our Community Guidelines.

Details: